Responses for show #3967 - Tuesday, November 27, 2001

Contestants

Kris MacCubbin, a director of communication from Kensington, Maryland

Rebekah Lacey, an environmental scientist from Boston, Massachusetts

Harold Skinner, a teacher and playwright from Columbia, South Carolina (whose 1-day cash winnings total $7,700)

Jeopardy! Round responses

(Alex: We start off with a commemoration of the 50th anniversary of...)
THE KOREAN WAR
STOCK CARS
(Alex: We'll give you the stock symbol in [*]; you have to identify the automaker for us.)
THE SANDBOX
(Alex: A whole category that's...)
ALL ABOUT KAZAKHSTAN
MISS UNIVERSE
(Alex: Now there's a better subject!)
THE "CENTRAL" ISSUE
    $200 23
China

Harold
    $200 6
General Motors

Rebekah
    $200 11
the Sandman

Harold
    $200 21
Russia

Rebekah
    $200 16
Long Beach, California

Triple Stumper
    $200 1
(Harold: What is Grand Central Station?)

Central Park

HaroldKris
    $400 24
retreating

Harold
    $400 7
Toyota

Triple Stumper
    $400 12
the Days of our Lives

Kris
    $400 22
Islam

Kris
    $400 17
Athens

Harold
    $400 2
Central America

Rebekah
    $600 25
M*A*S*H unit

Harold
    $600 8
Honda Motor Corporation

Rebekah
    $600 13
White Sands

Rebekah
    $600 28
Genghis Khan

Rebekah
    $600 18
Baywatch

Harold
    $600 3
(Alex: Now's the time for that one!)

Grand Central Station

Rebekah
    $800 26
(Alex: We have less than a minute now.)

Pyongyang

Kris
    $800 9
Nissan

Kris
    $1,000 14
(Rebekah: Who is Carl Sandman? Who is Carl Sanders?)
(Alex: We don't give you two or three chances.)

Carl Sandburg

Rebekah
    $800 29
the Caspian Sea

Rebekah
    $800 19
India

Harold
    $800 4
Central Intelligence Agency

Kris
    $1000 27
(Alex: A MiG-15 at the time.)

MiG

Rebekah
    $1000 10
Daimler Chrysler

Rebekah
    $1000 15
sand dollar

Rebekah
    $1000 30
Leon Trotsky

Harold
    $1000 20
Puerto Rico

Rebekah
    $1000 5
central nervous system

Harold

Scores at the first commercial break (after clue 15):

Harold Rebekah Kris
$1,000 $3,400 $2,200

Scores at the end of the Jeopardy! Round:

Harold Rebekah Kris
$5,000 $7,000 $3,400

Double Jeopardy! Round responses

19th CENTURY LITERARY CHARACTERS
ADVICE
EVERY TOM, DICK & HARRY
WHO PLAYED 'EM?
SEA CREATURES
LESSER-KNOWN ANCIENT ROMANS
(Alex: And like better-known Romans, their names end in "us".)
    $400 6
Huckleberry Finn

Harold
    $400 11
set them free

Rebekah
    $400 13
Dick Tracy

Harold
    $400 1
John Travolta

Kris
    $400 21
starfish

Rebekah
    $400 26
Terminus

Triple Stumper
    $800 7
Ichabod Crane

Harold
    $800 12
football

Harold
    $800 14
Tommy Lasorda

Harold
    $800 2
Nicole Kidman

Harold
    $800 22
plankton

Rebekah
    $800 27
Malodorous

Triple Stumper
    $1,200 8
Ishmael (the narrator)

Harold
    $1200 18
underwear

Rebekah
    $1200 15
Dick Armey

Rebekah
    $1200 3
Glenn Close

Rebekah
    $1200 23
(Harold: What is a voice box?)

ears

Harold
Triple Stumper
    $1200 28
Asparagus

Harold
    $1600 9
Faust

Harold
    $1600 19
(Harold: What is a locust?)

ant

Harold
Triple Stumper
    $1600 16
Harry Blackmun

Harold
    $1600 4
Angelina Jolie

Harold
    $2,000 24
(Rebekah: What is brain & foot?)
....
(Alex: We have about a minute left, Rebekah.)

head & foot

Rebekah
    $1600 29
[buzzer sounds to end the round]
....
(Alex: Aw, darn, we won't get to that $2000 clue, & I was so looking forward to it, just to pick the show up a bit!)

Supercilious

Rebekah
    $2000 10
Elizabeth Bennet

Rebekah
    $2000 20
(Rebekah: What is your gunpowder?)
(Alex: We'll accept that!)

powder

Rebekah
    $2000 17
Harry Longabaugh

Triple Stumper
    $2000 5
Cameron Diaz

Kris
    $2000 25
mother of pearl (nacre)

Kris

Scores at the end of the Double Jeopardy! Round:

Harold Rebekah Kris
$13,400 $15,800 $7,800

[wagering suggestions for these scores]

Final Jeopardy! Round responses

SIGNS & SYMBOLS
(Alex: Rebekah likes our new scoring system!)
KrisWhat is the smiley face :)
$4,400
HaroldWhat are
$13,400
RebekahWhat is the smiley face? :)
$5,000
the smiley face

Final scores:

Harold Rebekah Kris
$0 $20,800 $12,200
3rd place: Trip to Halifax, Nova Scotia New champion: $20,800 2nd place: 6-night Windjammer Caribbean Barefoot Cruise

Game dynamics:

Coryat scores:

Harold Rebekah Kris
$13,400 $18,800 $7,800
20 R
(including 1 DD),
3 W
21 R,
2 W
(including 2 DDs)
9 R,
0 W

Combined Coryat: $40,000

The J! Archive is created by fans, for fans. The Jeopardy! game show and all elements thereof, including but not limited to copyright and trademark thereto, are the property of Jeopardy Productions, Inc. and are protected under law. This website is not affiliated with, sponsored by, or operated by Jeopardy Productions, Inc. Join the discussion at JBoard.tv.